|
|
|
|
| LEADER |
00000cam a2200000 4500 |
| 001 |
vtls012246154 |
| 003 |
SK-MaSNL |
| 005 |
20260416115216.0 |
| 008 |
231213s2023 xo odl frfn 000 0 slo |
| 015 |
|
|
|a SNBA2024/02
|
| 020 |
|
|
|a 9788080933494
|q (brožované)
|
| 040 |
|
|
|a SNK
|b slo
|c SNK
|e rda
|
| 041 |
0 |
|
|a slo
|
| 044 |
|
|
|a xo
|c SK
|
| 072 |
|
7 |
|a 37
|x Výchova a vzdelávanie
|2 konspekt
|
| 080 |
|
|
|a 37.01:630*1
|2 2011
|
| 080 |
|
|
|a 574.1
|2 2011
|
| 080 |
|
|
|a 338.48
|2 2011
|
| 080 |
|
|
|a 504
|2 2011
|
| 080 |
|
|
|a 630
|2 2011
|
| 080 |
|
|
|a (072)
|2 2011
|
| 100 |
1 |
|
|a Melcerová, Andrea
|4 aut
|4 edt
|9 351247
|
| 245 |
1 |
0 |
|a Odborné vzdelávanie v oblasti biodiverzity, environmentálnych opatrení a vidieckeho cestovného ruchu na príklade modulových aktivít lesnej pedagogiky
|b odborná publikácia
|c editor: Andrea Melcerová, Dagmar Sélešová ; autori textov: Andrea Melcerová, Veronika Jaloviarová, Dagmar Sélešová, Eva Vakulová, Marián Bilačič, Anna Túčeková, Adela Lešková Blahová, Rudolf Navrátil, Andrej Kapľavla
|
| 250 |
|
|
|a Vydanie: prvé
|
| 264 |
|
1 |
|a Zvolen
|b Národné lesnícke centrum
|c 2023
|
| 300 |
|
|
|a 68 strán
|b farebné fotografie, grafy, schémy, tabuľky
|c 30 cm
|
| 336 |
|
|
|a text
|b txt
|2 rdacontent
|
| 337 |
|
|
|a bez média
|b n
|2 rdamedia
|
| 338 |
|
|
|a zväzok
|b nc
|2 rdacarrier
|
| 366 |
|
|
|e 100 kusov
|
| 500 |
|
|
|a Obsahuje poznámky pod čiarou
|
| 504 |
|
|
|a Obsahuje bibliografiu na strane 65-68
|
| 650 |
0 |
7 |
|a lesná pedagogika
|2 SNKPH
|9 88058
|
| 650 |
0 |
7 |
|a biodiverzita
|2 SNKPH
|9 3702
|
| 650 |
0 |
7 |
|a vidiecky cestovný ruch
|2 SNKPH
|9 998
|
| 650 |
0 |
7 |
|a environmentálne problémy
|2 SNKPH
|9 73050
|
| 650 |
0 |
7 |
|a lesné hospodárstvo
|2 SNKPH
|9 1256
|
| 650 |
0 |
7 |
|a Forest pedagogy
|2 SNKPHeng
|9 52779
|
| 650 |
0 |
7 |
|a Biodiversity
|2 SNKPHeng
|9 266352
|
| 650 |
0 |
7 |
|a Rural tourism
|2 SNKPHeng
|9 316734
|
| 650 |
0 |
7 |
|a Environmental problems
|2 SNKPHeng
|9 325620
|
| 650 |
0 |
7 |
|a Forest management
|2 SNKPHeng
|9 267353
|
| 655 |
|
7 |
|a metodické príručky
|2 SNKPH
|9 70250
|
| 655 |
|
7 |
|a Methodological manuals
|2 SNKPHeng
|9 270866
|
| 700 |
1 |
|
|a Jaloviarová, Veronika,
|d 1979-
|4 aut
|9 351246
|
| 700 |
1 |
|
|a Sélešová, Dagmar
|4 aut
|4 edt
|9 351248
|
| 700 |
1 |
|
|a Vakulová, Eva
|4 aut
|9 351249
|
| 700 |
1 |
|
|a Bilačič, Marián
|4 aut
|9 491632
|
| 700 |
1 |
|
|a Túčeková, Anna
|4 aut
|9 11396
|
| 700 |
1 |
|
|a Lešková Blahová, Adela,
|d 1982-
|4 aut
|9 1637090
|
| 700 |
1 |
|
|a Navrátil, Rudolf,
|d 1971-
|4 aut
|9 545078
|
| 700 |
1 |
|
|a Kapľavka, Andrej
|4 aut
|9 545079
|
| 710 |
2 |
|
|a Národné lesnícke centrum.
|b Centrum transferu poznatkov a lesnej pedagogiky
|4 pbl
|9 351251
|
| 852 |
|
|
|a Slovenská národná knižnica
|
| 919 |
|
|
|a 978-80-8093-349-4
|
| 954 |
|
|
|a odborná, vedecká literatúra pôvodná (slovenská)
|2 lita
|
| 958 |
|
|
|a NB
|
| 999 |
|
|
|c 837549
|d 839479
|
| 952 |
|
|
|a SNK
|b SNK
|y PREZ
|7 0
|p 17A1540971
|o snkSB 99895
|i snk2024/394
|8 0
|0 0
|1 0
|4 0
|d 2024-01-09
|f 1
|l 0
|r 2025-05-19 00:00:00
|w 2026-02-24
|